000 00178nam a2200073Ia 4500
008 170617s9999 xx 000 0 und d
100 _aWallis-T.E
245 0 _aTextbook of Pharmacognosy
260 _bMumbai-Source
999 _c14729
_d14729